| 000 | 00935cam a2200313 i 4500 | ||
|---|---|---|---|
| 999 |
_c7923 _d7923 |
||
| 001 | 991059727486406706 | ||
| 003 | OSt | ||
| 005 | 20240718164134.0 | ||
| 008 | 201006e202002 spc|||| |||| ||0 0 spa|c | ||
| 015 |
_aLL2021 _2bnc |
||
| 017 |
_aDL L 28-2020 _bBiblioteca de Catalunya |
||
| 020 | _a9788497439008 | ||
| 040 |
_aES-BaBC _bcat _erda _cCDMR |
||
| 041 | 1 |
_acat _hspa |
|
| 043 | _ae------ | ||
| 080 |
_a308 _x-053.2/-053.5 _x-054.72 _x(4) _22004 |
||
| 100 | 1 | _aMontesinos, Sara, | |
| 245 | 1 | 0 |
_aSolo vivir / _cSara Montesinos, Martí Albesa ; traducción de Paula Aguiriano |
| 264 | 1 |
_aLleida : _bEditorial Milenio _c2020 |
|
| 300 |
_a117 pàgines ; _c20 cm |
||
| 490 | 1 |
_aNandibú horizontes ; _v6 |
|
| 650 | 7 |
_aInfants immigrants _zEuropa. _2lemac |
|
| 650 | 7 |
_aRefugiats _zEuropa. _2lemac |
|
| 700 | 1 | _aAlbesa, Martí, | |
| 830 | 0 |
_aNandibú horizonts. _lCastellà ; _v6 |
|
| 908 | _aBC | ||
| 940 | _aBC | ||
| 942 |
_2udc _cMON |
||